000 00248nam a22000857a 4500
008 160630b xxu||||| |||| 00| 0 eng d
100 _91585
_a Aggarwal, M.L
245 _aHints and Solutions Mathematics - XI
260 _aNew Delhi
_bArya Publication
_c2005
999 _c1311
_d1311